[Event "Dhaka Walton op 07"]
[Site "Dhaka"]
[Date "2018.07.09"]
[Round "6"]
[White "Md Masum, Hossain"]
[Black "Md, Mutakabbir"]
[Result "1-0"]
[WhiteElo "2086"]
[BlackElo "1901"]
[PlyCount "70"]
[EventDate "2018.07.04"]
[EventType "swiss"]
[EventRounds "9"]
[EventCountry "BAN"]
[SourceTitle "EXT 2019"]
[Source "ChessBase"]
[SourceDate "2018.10.10"]
[SourceVersion "1"]
[SourceVersionDate "2018.10.10"]
[SourceQuality "1"]

1. e4 e6 2. d4 d5 3. Nc3 Bb4 4. e5 c5 5. a3 Bxc3+ 6. bxc3 Ne7 7. Qg4 Qc7 8. Ne2 Nbc6 9. Qxg7 Rg8 10. Qxh7 cxd4 11. f4 Bd7 12. Qd3 dxc3 13. Qxc3 Nf5 14. Be3 Rc8 15. Bf2 d4 16. Qd2 Nce7 17. Rc1 Ne3 18. Bxe3 dxe3 19. Qxe3 Qa5+ 20. Qd2 Qxa3 21. h4 Nf5 22. Rh3 Qe7 23. h5 Bc6 24. h6 Rh8 25. h7 Nh4 26. Nd4 Rd8 27. Nxc6 bxc6 28. Qc3 Rxh7 29. g3 Kf8 30. Rd1 Rc8 31. Kf2 Kg7 32. gxh4 Rch8 33. Rg3+ Kh6 34. f5 Rg7 35. Qe3+ Kh7 1-0

[Event "BAN-chB 43rd"]
[Site "Dhaka"]
[Date "2017.11.12"]
[Round "6"]
[White "Saiful Islam, Chowdhury"]
[Black "Md Masum, Hossain"]
[Result "0-1"]
[WhiteElo "1882"]
[BlackElo "2116"]
[PlyCount "104"]
[EventDate "2017.11.07"]
[EventType "swiss"]
[EventRounds "11"]
[EventCountry "BAN"]
[SourceTitle "CBM 181 Extra"]
[Source "ChessBase"]
[SourceDate "2017.12.12"]
[SourceVersion "1"]
[SourceVersionDate "2017.12.12"]
[SourceQuality "1"]

1. e4 c5 2. Nf3 d6 3. d4 cxd4 4. Nxd4 Nf6 5. Nc3 a6 6. Be2 e6 7. 0-0 Qc7 8. Be3 b5 9. a3 Bb7 10. Bf3 Nbd7 11. Nb3 Ne5 12. Bd4 Be7 13. Re1 0-0 14. Nd2 Rac8 15. Bxe5 dxe5 16. Qe2 Rfd8 17. Rac1 Rd4 18. h3 Rcd8 19. Nb3 Rc4 20. Nd2 Rxc3 21. bxc3 Bxa3 22. Rcd1 Rc8 23. Nb1 Be7 24. Rd3 a5 25. c4 b4 26. Nd2 a4 27. Ra1 Bc6 28. g4 Bc5 29. Kh2 Bd4 30. Rg1 Nd7 31. Nf1 Bb7 32. Ne3 Nc5 33. Rdd1 a3 34. g5 Ra8 35. Ng4 a2 36. Bh1 Kf8 37. Nf6 gxf6 38. gxf6 Nd7 39. Qd2 Nxf6 40. Qxb4+ Qe7 41. c5 Bc6 42. c3 Bxf2 43. Rgf1 Be3 44. Rd6 Bf4+ 45. Kg1 a1Q 46. Rxa1 Rxa1+ 47. Kf2 Nxe4+ 48. Bxe4 Qh4+ 49. Ke2 Qe1+ 50. Kd3 Qf1+ 51. Kc2 Ba4+ 52. Qxa4 Qb1# 0-1

[Event "BAN-chB 43rd"]
[Site "Dhaka"]
[Date "2017.11.07"]
[Round "1"]
[White "Md Masum, Hossain"]
[Black "Md, Asadujjaman"]
[Result "1-0"]
[WhiteElo "2116"]
[BlackElo "1821"]
[PlyCount "49"]
[EventDate "2017.11.07"]
[EventType "swiss"]
[EventRounds "11"]
[EventCountry "BAN"]
[SourceTitle "CBM 181 Extra"]
[Source "ChessBase"]
[SourceDate "2017.12.12"]
[SourceVersion "1"]
[SourceVersionDate "2017.12.12"]
[SourceQuality "1"]

1. e4 c5 2. b3 d5 3. exd5 Qxd5 4. Bb2 Nc6 5. Nc3 Qd8 6. Bb5 Bd7 7. Nf3 e6 8. 0-0 Nf6 9. Re1 Be7 10. Ne4 Nd4 11. Bxd4 Bxb5 12. Nxf6+ Bxf6 13. Bxc5 b6 14. Ba3 Bxa1 15. Qxa1 Qf6 16. Ne5 Rd8 17. c4 Ba6 18. d4 Bb7 19. d5 Qg5 20. Qc3 Rc8 21. Qb4 Rc7 22. Qa4+ Kd8 23. Qxa7 Bxd5 24. Qb8+ Rc8 25. Qd6+ 1-0